000 00313nam a22001337a 4500
008 170928b xxu||||| |||| 00| 0 eng d
020 _a9780553379624
041 _aeng
080 _a37
100 _a47
101 _aEDU
245 _aCARING FOR YOUR BABY AND YOUNG CHILD
_cSHELOV.S.P
942 _2udc
_cBK
999 _c30563
_d30563